000 01061nam0a22002891 4500
001 v19\rc\1803086
005 20260405181546.0
035 _a(NLR Aleph) 004904686
090 _a5412816
_c5412816
100 _a20071224d1906 |||y0rusy50 ca
101 1 _arus
_cfre
102 _aRU
105 _ay z |||a|
200 1 _aДве сиротки
_eДрама в 5 д. и 8 картинах
_f[Соч.] А. Деннери и Кормона
_gПер. М.А. Терна [псевд.]
210 _aМосква
_cлит. Моск. театр. б-ки С.Ф. Рассохина
_dценз. 1906
215 _a148 с.
_d23
309 _aНаписано от руки. Литогр.
700 1 _8rus
_7ca
_aДеннери
_bА. Ф.
_f1811-1899
_gАдольф Филипп
_3RU\NLR\AUTH\7778401
_961329
701 1 _aКормон
_bЭ.
_f1811-1903
_gЭжен
702 1 _aТерн
_bМ.А.
_4730
801 0 _aRU
_bNLR
_gpsbo
801 0 _aRU
_bRuMoRGB
_2psbo
801 1 _aRU
_bProSoft-M
_2rusmarc
852 _aNLR
_j34.85.5.1111
899 _aБАН
942 _cBOOK
980 _aNB